000 00555nam a22001697a 4500
005 20241128110527.0
008 231124b ||||| |||| 00| 0 eng d
020 _a9781774695180
082 _22023
_aDC 631.2
_bW121
100 _aWafullah, Nekesah T.
_950195
245 _aFarm structures :
_bfactors and considerations /
_cNekesah T. Wafullah
260 _aCanada :
_bDelve publishing,
_c©2023.
300 _axix, 248 pages :
_billustrations ;
_c23 cm.
500 _aIncludes references and index.
650 _a Farm buildings.
_950410
942 _2ddc
_cDC
999 _c18511
_d18511